Elogio fúnebre del Dr. D. Francisco Martínez de la Rosa, leído en la Universidad Literaria de Granada, ante el Claustro público reunido en su honra en el Salón de Actos de la misma, después de las exequias solemnes celebradas por su alma el día 15 de febrero / (Record no. 20688)

MARC details
000 -LEADER
campo de control de longitud fija 01090nam a2200217 i 4500
001 - NÚMERO DE CONTROL
campo de control 20688
003 - IDENTIFICADOR DE NÚMERO DE CONTROL
campo de control ES-MaACL
005 - FECHA Y HORA DE LA ÚLTIMA TRANSACCIÓN
campo de control 20250830063046.0
008 - DATOS DE LONGITUD FIJA--INFORMACIÓN GENERAL
campo de control de longitud fija 201106s1862 sp |||| | spa d
080 ## - NÚMERO DE LA CLASIFICACIÓN DECIMAL UNIVERSAL
Número de la Clasificación Decimal Universal 929 Martínez de la Rosa, Francisco
100 1# - ENTRADA PRINCIPAL--NOMBRE DE PERSONA
Nombre de persona Fernández y González, Francisco,
Fechas asociadas al nombre 1833-1917
9 (RLIN) 49827
245 10 - MENCIÓN DEL TÍTULO
Título Elogio fúnebre del Dr. D. Francisco Martínez de la Rosa, leído en la Universidad Literaria de Granada, ante el Claustro público reunido en su honra en el Salón de Actos de la misma, después de las exequias solemnes celebradas por su alma el día 15 de febrero /
Mención de responsabilidad, etc. por el Dr. D. Francisco Fernández y González.
260 ## - PUBLICACIÓN, DISTRIBUCIÓN, ETC.
Lugar de publicación, distribución, etc. Granada :
Nombre del editor, distribuidor, etc. [s.n.],
Fecha de publicación, distribución, etc. 1862 (
Fabricante Imp. de D. Francisco Ventura y Sabatel)
300 ## - DESCRIPCIÓN FÍSICA
Extensión 27 p. ;
Dimensiones 31 cm.
530 ## - NOTA DISPONIBLE DE FORMULARIO FÍSICO ADICIONAL
Nota de formato físico adicional disponible Disponible en formato digital.
600 14 - PUNTO DE ACCESO ADICIONAL DE MATERIA--NOMBRE DE PERSONA
Nombre de persona Martínez de la Rosa, Francisco,
Fechas asociadas al nombre 1787-1862
9 (RLIN) 78009
710 2# - ENTRADA AGREGADA--NOMBRE DE ENTIDAD CORPORATIVA
Nombre de entidad corporativa o nombre de jurisdicción como elemento de entrada Universidad Literaria de Granada.
9 (RLIN) 153703
852 4# - LOCALIZACIÓN
Ubicación ES-MaACL
Número de control de estantería T-60-F-7
856 4# - LOCALIZACIÓN Y ACCESO ELECTRÓNICOS
Identificador Uniforme de Recursos <a href="http://hdl.handle.net/10481/8106 ">http://hdl.handle.net/10481/8106 </a>
Nota pública Repositorio de la Universidad de Granada
Holdings
Estatus retirado Estado de pérdida Estado de daño No para préstamo Colección Biblioteca de origen Biblioteca actual Ubicación en estantería Fecha de adquisición Fuente de adquisición Total de préstamos Signatura topográfica completa Código de barras Visto por última vez Precio de reemplazo Tipo de ítem Koha
        Colección de folletos Biblioteca del Ateneo de Madrid Biblioteca del Ateneo de Madrid Depósito folletos 11/07/2005     T-60-F-7 1202305 23/02/2023 23/02/2023 Folleto